| 000 | 00734nam a2200181 i 4500 | ||
|---|---|---|---|
| 001 | 114480 | ||
| 003 | ES-MaACL | ||
| 005 | 20230906190151.0 | ||
| 007 | t| | ||
| 008 | 070302s1909 sp ||||1| spa d | ||
| 100 | 1 |
_aPulgar González, Alberto. _994367 |
|
| 245 | 1 | 0 |
_aMemoria leída por el Lcdo. Alberto Pulgar González en su ejercicio del grado de doctor el día 26 de noviembre de 1909 _b: [La fuerza irresistible, como causa eximente de la responsabilidad criminal]. |
| 260 |
_aMadrid : _b[s.n.], _c1904 ( _fEspinosa y Lamas) |
||
| 300 |
_a37 p. ; _c21 cm. |
||
| 650 | 1 | 4 |
_aResponsabilidad penal. _916869 |
| 740 | 3 | _aLa fuerza irresistible, como causa eximente de la responsabilidad criminal. | |
| 852 |
_aES-MaACL _jT-1208-F-1 |
||
| 999 |
_c114480 _d114480 |
||